[Event "8th EUR-ch (w)"]
[Site "Dresden GER"]
[Date "2007.04.05"]
[Round "3"]
[White "Gvetadze, Sopio"]
[Black "Muzychuk, Maria"]
[Result "1/2-1/2"]
[WhiteElo "2411"]
[BlackElo "2293"]
[EventDate "2007.04.03"]
[PlyCount "104"]

1.e4 c5 2.b3 e6 3.Bb2 a6 4.Nc3 Nc6 5.f4 d5 6.d3 Nf6 7.e5 Nd7 8.Nf3 f6 9.
exf6 Nxf6 10.Ne2 Bd6 11.Qd2 O-O 12.O-O-O b5 13.g3 Ng4 14.Nc3 b4 15.Na4 d4 
16.Bh3 e5 17.fxe5 Ne3 18.Bxc8 Rxc8 19.exd6 Rxf3 20.d7 Qxd7 21.Nb6 Qe6 22.
Nxc8 Qxc8 23.Rde1 Ne5 24.Kb1 Qf8 25.Re2 N5g4 26.Rhe1 h6 27.Qc1 Kh7 28.h3 
Nf2 29.Rxe3 dxe3 30.Rxe3 Nxh3 31.Rxf3 Qxf3 32.Qe1 Ng5 33.a3 bxa3 34.Bxa3 
Qc6 35.Qe5 Ne6 36.Bb2 Kg8 37.b4 cxb4 38.Qb8+ Kf7 39.Qxb4 Qh1+ 40.Bc1 Qd5 
41.Bb2 Qh1+ 42.Ka2 Qd5+ 43.Qb3 Qxb3+ 44.Kxb3 Ke7 45.Kc4 Kd6 46.Ba3+ Kd7 
47.Kd5 h5 48.Ke4 g5 49.c3 h4 50.gxh4 gxh4 51.Kf3 h3 52.Bc1 Nc5 1/2-1/2

[Event "8th EUR-ch (w)"]
[Site "Dresden GER"]
[Date "2007.04.05"]
[Round "3"]
[White "Kochetkova, Yulia"]
[Black "Vajda, Szidonia"]
[Result "1/2-1/2"]
[WhiteElo "2320"]
[BlackElo "2407"]
[EventDate "2007.04.03"]
[PlyCount "110"]

1.e4 e5 2.Nf3 Nc6 3.Bb5 a6 4.Ba4 Nf6 5.O-O Be7 6.Re1 b5 7.Bb3 O-O 8.h3 Bb7
9.d3 Re8 10.a3 Bc5 11.Nbd2 h6 12.c3 Ba7 13.Nf1 d5 14.exd5 Nxd5 15.Ng3 Qd7 
16.Ne4 Na5 17.Bc2 c5 18.d4 exd4 19.cxd4 cxd4 20.Qd3 f5 21.Ng3 Rxe1+ 22.
Nxe1 Nf6 23.Qxf5 Qxf5 24.Nxf5 Be4 25.Bxe4 Nxe4 26.Nd3 Nb3 27.Rb1 Rf8 28.g4
Nec5 29.Nxc5 Bxc5 30.Bf4 g6 31.Bxh6 gxf5 32.Bxf8 Bxf8 33.Rd1 fxg4 34.hxg4 
Bg7 35.Kg2 Kf7 36.f4 a5 37.Kf3 a4 38.g5 Nc5 39.Rc1 Bf8 40.f5 d3 41.Rh1 Bg7
42.Kf4 Bxb2 43.g6+ Kg8 44.Ke3 d2 45.Kxd2 Bxa3 46.Kc2 b4 47.Rh4 Nd7 48.Re4 
Nf6 49.Rd4 Kg7 50.Kb1 b3 51.Rxa4 Bd6 52.Kb2 Ng8 53.Kxb3 Ne7 54.Ra5 Kf6 55.
Kc4 Be5 1/2-1/2

[Event "8th EUR-ch (w)"]
[Site "Dresden GER"]
[Date "2007.04.05"]
[Round "3"]
[White "Andriasian, Siranush"]
[Black "Pahtz, Elisabeth"]
[Result "0-1"]
[WhiteElo "2252"]
[BlackElo "2442"]
[EventDate "2007.04.03"]
[PlyCount "82"]

1.e4 c5 2.Nf3 d6 3.d4 cxd4 4.Nxd4 Nf6 5.Nc3 a6 6.Be3 e6 7.Be2 Qc7 8.f4 Be7
9.O-O Nc6 10.Kh1 O-O 11.Bf3 Bd7 12.Nb3 b5 13.a3 Rab8 14.g4 Bc8 15.g5 Nd7 
16.Rg1 Re8 17.h4 Bf8 18.h5 Nb6 19.Qf1 Nc4 20.Bc1 Qb6 21.Ne2 a5 22.a4 bxa4 
23.Rxa4 Ba6 24.Qh3 Bb5 25.Ra1 a4 26.Nd2 Ne3 27.c3 d5 28.g6 fxg6 29.hxg6 h6
30.Ng3 Nc2 31.exd5 Nxa1 32.dxc6 Bxc6 33.Nge4 Bxe4 34.Bxe4 Rbc8 35.Rg2 Qd8 
36.Bd3 a3 37.Bb1 Nb3 38.Nxb3 Qd1+ 39.Kh2 Qxb3 40.c4 Qxc4 41.Rc2 Qxc2+ 0-1

[Event "8th EUR-ch (w)"]
[Site "Dresden GER"]
[Date "2007.04.05"]
[Round "3"]
[White "Srebrnic, Ana"]
[Black "Ovod, Evgenia"]
[Result "0-1"]
[WhiteElo "2262"]
[BlackElo "2384"]
[EventDate "2007.04.03"]
[PlyCount "176"]

1.Nf3 d5 2.d4 Nf6 3.c4 e6 4.Nc3 c6 5.cxd5 exd5 6.Qc2 g6 7.Bg5 Be7 8.e3 Bf5
9.Bd3 Bxd3 10.Qxd3 Nbd7 11.Bh6 Ng4 12.Bf4 O-O 13.O-O Re8 14.Rac1 Nf8 15.h3
Nf6 16.Be5 Bb4 17.Nd2 N6d7 18.Bg3 f5 19.a3 Bxc3 20.Rxc3 Ne6 21.b4 Qf6 22.
Nf3 Rad8 23.Rfc1 f4 24.Bxf4 Nxf4 25.exf4 Qxf4 26.b5 cxb5 27.Qxb5 Nb6 28.a4
Re7 29.Qa5 Qd6 30.Ne5 Rde8 31.Rc5 Kg7 32.Qb5 a6 33.Qa5 Rf8 34.Rb1 Rf6 35.
Rbc1 h5 36.Rf1 Rf4 37.Nf3 Qf6 38.Rb1 Nc4 39.Qc3 Qf5 40.Rc1 b6 41.Rc6 Qd7 
42.Ne5 Rxe5 43.Rxc4 dxc4 44.dxe5 Qd4 45.Qb4 Qxf2+ 46.Kh1 Re4 47.Qe7+ Qf7 
48.Qd6 Qf4 49.Rd1 Qxe5 50.Qxb6 c3 51.Qf2 Qe7 52.a5 Re2 53.Qd4+ Qe5 54.
Qxe5+ Rxe5 55.Rd7+ Kf6 56.Rc7 Rxa5 57.Rxc3 Ra1+ 58.Kh2 h4 59.Rc6+ Kg5 60.
Rc5+ Kh6 61.Rc6 a5 62.Ra6 Kg5 63.Ra7 Kf6 64.Ra6+ Kf5 65.g4+ Kf4 66.Rf6+ 
Kg5 67.Rf8 Ra2+ 68.Kg1 a4 69.Rf7 Ra3 70.Kh2 Re3 71.Ra7 Re4 72.Kg2 Kf4 73.
Kf2 Rb4 74.Rf7+ Ke5 75.Re7+ Kd5 76.Ra7 Kc4 77.Ra6 g5 78.Ra5 Rb2+ 79.Kf3 
Rb3+ 80.Ke4 a3 81.Ra4+ Kb5 82.Ra8 Rb4+ 83.Kf5 Ra4 84.Rb8+ Kc4 85.Rb1 Ra5+ 
86.Kg6 a2 87.Re1 Kd3 88.Ra1 Ke4 0-1

[Event "8th EUR-ch (w)"]
[Site "Dresden GER"]
[Date "2007.04.05"]
[Round "3"]
[White "Bosboom-Lanchava, Tea"]
[Black "Stiri, Alexandra"]
[Result "1-0"]
[WhiteElo "2383"]
[BlackElo "2258"]
[EventDate "2007.04.03"]
[PlyCount "87"]

1.Nf3 Nf6 2.c4 e6 3.d4 c5 4.g3 cxd4 5.Nxd4 Qc7 6.b3 Ne4 7.Bg2 Bb4+ 8.Kf1 
d5 9.Bb2 O-O 10.cxd5 exd5 11.Nf5 Bc5 12.Nxg7 Nxf2 13.Qd2 Ng4 14.Ne8 Qe7 
15.Nf6+ Qxf6+ 16.Bxf6 Ne3+ 17.Ke1 Nxg2+ 18.Kd1 Ne3+ 19.Kc1 Bf5 20.Kb2 Nd7 
21.Bd4 Bxd4+ 22.Qxd4 Be4 23.Rc1 Nf5 24.Qd2 Rfc8 25.Nc3 Nb6 26.Nxe4 dxe4 
27.Qf4 Ng7 28.Rxc8+ Rxc8 29.Qxe4 Re8 30.Qd3 Ne6 31.Rc1 Rd8 32.Qe3 Rd4 33.
Rc2 Nd5 34.Qe5 Ne7 35.Qf6 Nc6 36.e3 Rd3 37.Rc4 Rd2+ 38.Rc2 Rd3 39.Rf2 Ncd8
40.e4 Rd7 41.h4 Ng7 42.g4 Ne8 43.Qg5+ Kf8 44.Qf5 1-0

[Event "8th EUR-ch (w)"]
[Site "Dresden GER"]
[Date "2007.04.05"]
[Round "3"]
[White "Leite, Catarina"]
[Black "Vasylevich, Tatiana"]
[Result "0-1"]
[WhiteElo "2232"]
[BlackElo "2383"]
[EventDate "2007.04.03"]
[PlyCount "77"]

1.e4 c5 2.Nf3 e6 3.d4 cxd4 4.Nxd4 a6 5.Bd3 Nf6 6.O-O Qc7 7.c4 Nc6 8.Nxc6 
dxc6 9.Be3 e5 10.f3 Nd7 11.Nc3 Bc5 12.Bxc5 Nxc5 13.Rf2 O-O 14.b4 Ne6 15.
Qe1 Qd6 16.Bf1 Qxb4 17.Rb1 Qa5 18.Rfb2 Rd8 19.Kh1 Nc5 20.Qe3 Be6 21.Rc2 
Rd4 22.f4 f6 23.fxe5 fxe5 24.Qg5 Qc7 25.Rf2 Bxc4 26.Rc1 Be6 27.Re1 b5 28.
a3 Rb8 29.h4 a5 30.Rf3 b4 31.axb4 axb4 32.Nb1 Nxe4 33.Qe3 Bd5 34.Bd3 Qe7 
35.Kg1 Qxh4 36.Rh3 Qg4 37.Rf1 Qg5 38.Qe2 g6 39.Qf3 0-1

[Event "8th EUR-ch (w)"]
[Site "Dresden GER"]
[Date "2007.04.05"]
[Round "3"]
[White "Sudakova, Irina"]
[Black "Dergatschova-Daus, Anna"]
[Result "0-1"]
[WhiteElo "2371"]
[BlackElo "2230"]
[EventDate "2007.04.03"]
[PlyCount "121"]

1.b3 d5 2.Bb2 Bf5 3.e3 Nc6 4.Nf3 a6 5.Be2 e6 6.O-O h5 7.d3 Rh6 8.Nbd2 g5 
9.e4 Bh7 10.exd5 exd5 11.Ne5 Nxe5 12.Bxe5 Bd6 13.f4 g4 14.Re1 Bxe5 15.Bf1 
Re6 16.fxe5 Qg5 17.d4 O-O-O 18.b4 f6 19.exf6 Qxf6 20.Rxe6 Qxe6 21.Nb3 Qe3+
22.Kh1 Nf6 23.Bd3 Ne4 24.Qe1 Nf2+ 25.Kg1 Nh3+ 26.Kh1 Qxe1+ 27.Rxe1 Bxd3 
28.gxh3 Be4+ 29.Kg1 gxh3 30.Re3 Rg8+ 31.Kf1 b6 32.Nd2 Bxc2 33.Rxh3 Bd1 34.
Ke1 Bg4 35.Re3 Rg6 36.Nf3 Bxf3 37.Rxf3 Rg2 38.Rh3 Rg5 39.Kf2 Kd7 40.Ra3 
Rg4 41.Ke3 Rh4 42.Rxa6 Rxh2 43.Ra8 h4 44.Rh8 Rxa2 45.Rxh4 Rb2 46.Kf4 Rxb4 
47.Ke5 Rb5 48.Rh7+ Kc8 49.Rh8+ Kb7 50.Rh7 Rb1 51.Kxd5 Rc1 52.Ke4 b5 53.Kd3
Kb6 54.Kd2 Rc6 55.Kd3 Ka5 56.Rh1 b4 57.Ra1+ Kb5 58.Ra7 Rc3+ 59.Ke4 c6 60.
d5 cxd5+ 61.Kd4 0-1

[Event "8th EUR-ch (w)"]
[Site "Dresden GER"]
[Date "2007.04.05"]
[Round "3"]
[White "Franciskovic, Borka"]
[Black "Zawadzka, Jolanta"]
[Result "1/2-1/2"]
[WhiteElo "2227"]
[BlackElo "2348"]
[EventDate "2007.04.03"]
[PlyCount "30"]

1.Nf3 Nf6 2.g3 g6 3.Bg2 Bg7 4.O-O O-O 5.c4 d6 6.Nc3 a6 7.d3 c5 8.a3 Nc6 9.
Rb1 Rb8 10.b4 cxb4 11.axb4 b5 12.cxb5 axb5 13.d4 Bf5 14.Rb3 Qc7 15.Bb2 
Rfc8 1/2-1/2

[Event "8th EUR-ch (w)"]
[Site "Dresden GER"]
[Date "2007.04.05"]
[Round "3"]
[White "Vovinkina, Natalia"]
[Black "Pokorna, Regina"]
[Result "1/2-1/2"]
[WhiteElo "2202"]
[BlackElo "2343"]
[EventDate "2007.04.03"]
[PlyCount "54"]

1.d4 d5 2.Bg5 c5 3.dxc5 Qa5+ 4.Nc3 e6 5.e4 Nc6 6.exd5 exd5 7.Qxd5 Be6 8.
Qe4 Bxc5 9.Bb5 Rc8 10.Nf3 h6 11.Bh4 Bb4 12.Bxc6+ Rxc6 13.O-O-O Ne7 14.Bxe7
Bxc3 15.Ba3 f5 16.Qd3 Kf7 17.Nd4 Bxd4 18.Qxd4 Rhc8 19.Rhe1 Rxc2+ 20.Kb1 
Qa6 21.Qd6 R2c6 22.Qe7+ Kg8 23.b3 Kh7 24.Bb2 R8c7 25.Qd8 Qb6 26.Qd4 Qxd4 
27.Rxd4 a6 1/2-1/2

[Event "8th EUR-ch (w)"]
[Site "Dresden GER"]
[Date "2007.04.05"]
[Round "3"]
[White "Kadimova, Ilaha"]
[Black "Ohme, Melanie"]
[Result "1-0"]
[WhiteElo "2339"]
[BlackElo "2225"]
[EventDate "2007.04.03"]
[PlyCount "77"]

1.d4 Nf6 2.c4 g6 3.Nc3 Bg7 4.e4 d6 5.Be2 O-O 6.Nf3 e5 7.Be3 Ng4 8.Bg5 f6 
9.Bh4 g5 10.Bg3 Nh6 11.dxe5 dxe5 12.c5 Nc6 13.O-O g4 14.Nh4 Nd4 15.Bc4+ 
Kh8 16.Re1 c6 17.Ne2 Ne6 18.b4 a5 19.a3 Ng5 20.Qc2 Qe7 21.Rad1 axb4 22.
axb4 Be6 23.Nf5 Qf7 24.Nd6 Qc7 25.Bh4 Bxc4 26.Qxc4 b6 27.Ng3 bxc5 28.bxc5 
Ra5 29.Ra1 Ngf7 30.Qc3 Nd8 31.Qc4 Nb7 32.Nxb7 Rxa1 33.Rxa1 Qxb7 34.Nh5 Ng8
35.Qe6 Qc8 36.Nxg7 Kxg7 37.Ra7+ Kh8 38.Bxf6+ Nxf6 39.Qe7 1-0

[Event "8th EUR-ch (w)"]
[Site "Dresden GER"]
[Date "2007.04.05"]
[Round "3"]
[White "Levushkina, Elena"]
[Black "Rudolph, Anna"]
[Result "1/2-1/2"]
[WhiteElo "2327"]
[BlackElo "2202"]
[EventDate "2007.04.03"]
[PlyCount "183"]

1.e4 c5 2.Nf3 e6 3.b3 b6 4.d4 cxd4 5.Nxd4 Bb7 6.Nb5 d5 7.exd5 a6 8.N5c3 
exd5 9.Bd3 Nf6 10.O-O Be7 11.Ne2 O-O 12.Bb2 Nbd7 13.Nd4 Re8 14.Re1 Nc5 15.
Bf1 Qd7 16.Nd2 Bd6 17.Qf3 Nce4 18.Red1 Ng4 19.g3 Nexf2 20.Re1 Ne4 21.Red1 
Ne5 22.Qg2 Bc5 23.Nf3 Nxf3+ 24.Qxf3 Qd6 25.Bg2 Qf6 26.Rd3 Qxf3 27.Rxf3 f6 
28.a3 a5 29.Bf1 Nd2 30.Rf2 Nxf1 31.Kxf1 Re4 32.Rd1 Rae8 33.Rfd2 h5 34.Kg2 
Kh7 35.Rf1 Kg6 36.c3 Re1 37.Rxe1 Rxe1 38.Kf2 Re4 39.b4 axb4 40.axb4 Bd6 
41.Nc2 h4 42.Rd3 hxg3+ 43.hxg3 Re8 44.Bc1 Rh8 45.Nd4 Rh2+ 46.Kf3 Ba6 47.b5
Bc8 48.Be3 Kh5 49.Bf2 Bg4+ 50.Ke3 Bc5 51.Rd2 Bd7 52.Rb2 Kg4 53.Ke2 g6 54.
Ke3 f5 55.Ke2 g5 56.Kf1 Rh8 57.Rd2 Ra8 58.Nc6 Bxc6 59.bxc6 Rc8 60.Bxc5 
bxc5 61.Rxd5 Rxc6 62.Kf2 Rc8 63.Kg2 f4 64.gxf4 Kxf4 65.Kf2 Rc7 66.Kg2 Rc6 
67.Kf2 g4 68.Rd8 g3+ 69.Kg2 Rg6 70.Re8 Rg5 71.Re7 Re5 72.Rf7+ Ke3 73.Kxg3 
Kd2 74.Kf4 Rh5 75.c4 Kd3 76.Rd7+ Kxc4 77.Ke3 Rh2 78.Rc7 Rg2 79.Rc8 Kb4 80.
Kd3 Rg3+ 81.Kc2 Kc4 82.Kd2 Rg2+ 83.Ke3 Rg3+ 84.Kd2 Ra3 85.Rc7 Ra2+ 86.Ke3 
Kb4 87.Kd3 Ra3+ 88.Kd2 Kc4 89.Rc8 Ra2+ 90.Ke3 Kb4 91.Kd3 Ra7 92.Rb8+ 
1/2-1/2

[Event "8th EUR-ch (w)"]
[Site "Dresden GER"]
[Date "2007.04.05"]
[Round "3"]
[White "Sharevich, Anna"]
[Black "Umudova, Nargiz"]
[Result "0-1"]
[WhiteElo "2323"]
[BlackElo "2198"]
[EventDate "2007.04.03"]
[PlyCount "92"]

1.d4 Nf6 2.c4 g6 3.Nc3 Bg7 4.e4 d6 5.Be2 O-O 6.Nf3 e5 7.d5 a5 8.Bg5 h6 9.
Bh4 Na6 10.Nd2 Qe8 11.O-O Nh7 12.a3 Bd7 13.b3 h5 14.f3 Bh6 15.Bf2 Qe7 16.
Qc2 h4 17.Rfd1 Bf4 18.Kh1 Kg7 19.Nf1 Rh8 20.Bd3 Nf6 21.Ne2 Bg5 22.Qb2 Nh5 
23.b4 axb4 24.axb4 Qf6 25.h3 Bxh3 26.gxh3 Qxf3+ 27.Kg1 Ng3 28.Nexg3 hxg3 
29.Nxg3 Be3 30.Bxe3 Qxg3+ 31.Qg2 Qxe3+ 32.Kh2 Nxb4 33.Bf1 Rxa1 34.Rxa1 Rh4
35.Rb1 Rf4 36.Rxb4 Rf2 37.Rxb7 Rxg2+ 38.Bxg2 Qf4+ 39.Kg1 Qc1+ 40.Bf1 Qe3+ 
41.Kh2 Qxe4 42.Rxc7 Qf4+ 43.Kg1 e4 44.Rb7 Qe3+ 45.Kh1 Qf2 46.Rb1 e3 0-1

[Event "8th EUR-ch (w)"]
[Site "Dresden GER"]
[Date "2007.04.05"]
[Round "3"]
[White "Mira, Helene"]
[Black "Benderac, Ana"]
[Result "1-0"]
[WhiteElo "2171"]
[BlackElo "2314"]
[EventDate "2007.04.03"]
[PlyCount "67"]

1.d4 e6 2.c4 f5 3.g3 Nf6 4.Bg2 c6 5.Nf3 d5 6.O-O Bd6 7.b3 Qe7 8.Bb2 O-O 9.
Ne5 Bd7 10.Nd2 Be8 11.Qc2 Nbd7 12.Ndf3 Bh5 13.Nd3 Rac8 14.c5 Bc7 15.b4 h6 
16.a4 g5 17.Nfe5 Nxe5 18.Nxe5 Bxe5 19.dxe5 Nd7 20.f4 Rf7 21.Bd4 Nf8 22.e3 
Rh7 23.Kf2 Be8 24.Bf3 h5 25.Rg1 Kh8 26.Be2 h4 27.g4 gxf4 28.gxf5 fxe3+ 29.
Kxe3 Bh5 30.Bd3 Rh6 31.f6 Qe8 32.Rg7 Bf7 33.Rag1 b6 34.Qg2 1-0

[Event "8th EUR-ch (w)"]
[Site "Dresden GER"]
[Date "2007.04.05"]
[Round "3"]
[White "Velikhanli, Firuza"]
[Black "Smochina, Carolina"]
[Result "1-0"]
[WhiteElo "2310"]
[BlackElo "2192"]
[EventDate "2007.04.03"]
[PlyCount "83"]

1.e4 c5 2.Nf3 Nc6 3.d4 cxd4 4.Nxd4 e5 5.Nb5 a6 6.Nd6+ Bxd6 7.Qxd6 Qf6 8.
Qd2 Qg6 9.f3 Nge7 10.Nc3 O-O 11.b3 b5 12.Bb2 f5 13.O-O-O fxe4 14.fxe4 Kh8 
15.Nd5 Ng8 16.Bd3 d6 17.h3 Ra7 18.Rhf1 Raf7 19.Rxf7 Rxf7 20.Nb6 Bb7 21.a4 
bxa4 22.Nxa4 Qg3 23.Bc4 Rf2 24.Qxd6 Qxg2 25.Bd3 Qxh3 26.Bxe5 Nxe5 27.Qxe5 
Qe3+ 28.Kb2 Bc8 29.Qe8 Qd4+ 30.Nc3 Bd7 31.Qd8 Rf3 32.e5 Qg4 33.Be2 Bf5 34.
Bxf3 Qxf3 35.Qd4 h5 36.Nd5 Be4 37.e6 Bxd5 38.Qxd5 Qf6+ 39.Kb1 h4 40.Qh5+ 
Nh6 41.Qe8+ Kh7 42.e7 1-0

[Event "8th EUR-ch (w)"]
[Site "Dresden GER"]
[Date "2007.04.05"]
[Round "3"]
[White "Meshcheriakova, Evgenia"]
[Black "Tsoganova, Monika"]
[Result "1-0"]
[WhiteElo "2309"]
[BlackElo "2185"]
[EventDate "2007.04.03"]
[PlyCount "73"]

1.e4 e5 2.Nf3 Nc6 3.Bb5 a6 4.Ba4 Nf6 5.d3 d6 6.c3 b5 7.Bb3 Be7 8.Nbd2 O-O 
9.Nf1 Bb7 10.Ng3 Na5 11.Bc2 c5 12.O-O Re8 13.h3 h6 14.Nf5 Bf8 15.Nh2 d5 
16.Qf3 Re6 17.Rd1 Qb6 18.Qg3 Kh8 19.b4 cxb4 20.cxb4 Qc7 21.Rd2 Nc6 22.Bb3 
Nxb4 23.a3 Qc3 24.Rb1 Nh5 25.Qf3 Rg6 26.axb4 Nf4 27.Nh4 Rg5 28.Rd1 dxe4 
29.dxe4 Nxh3+ 30.Kf1 Qxf3 31.N2xf3 Bxe4 32.Rb2 Nf4 33.Nxg5 hxg5 34.Bxf4 
exf4 35.Nf3 g4 36.Ng5 f5 37.f3 1-0

[Event "8th EUR-ch (w)"]
[Site "Dresden GER"]
[Date "2007.04.05"]
[Round "3"]
[White "Atnilov, Bela"]
[Black "Rudolf, Anna"]
[Result "0-1"]
[WhiteElo "2164"]
[BlackElo "2301"]
[EventDate "2007.04.03"]
[PlyCount "128"]

1.e4 Nc6 2.d4 d5 3.exd5 Qxd5 4.Nf3 e5 5.Nc3 Bb4 6.Bd2 Bxc3 7.Bxc3 e4 8.Ne5
Nxe5 9.dxe5 Ne7 10.Be2 Bf5 11.O-O O-O-O 12.Bg4 Qe6 13.Bxf5 Qxf5 14.Qe2 Nd5
15.Qc4 Nxc3 16.Qxc3 Rd5 17.Qe3 b6 18.f4 exf3 19.Qxf3 Qxe5 20.Rad1 Rhd8 21.
Rxd5 Rxd5 22.Qxf7 Qd4+ 23.Kh1 Rd8 24.b3 h6 25.h3 a6 26.Qf2 Qd6 27.Qe2 Kb7 
28.Qe4+ Kb8 29.Qc4 a5 30.Qc3 Rd7 31.Qc4 Re7 32.Qg8+ Ka7 33.Qf8 g5 34.Qf2 
Re5 35.Re1 Rd5 36.Kg1 Rd2 37.Re2 Rd1+ 38.Re1 Rd4 39.c4 h5 40.Re6 Qc5 41.
Re1 g4 42.hxg4 hxg4 43.g3 Qd6 44.Kg2 Rd3 45.Re3 Rd2 46.Re2 Qc6+ 47.Kg1 Rd6
48.Qe3 Rf6 49.Qe4 Qd7 50.Kg2 Rd6 51.Rf2 Rd1 52.Rf1 Qd2+ 53.Kg1 Rxf1+ 54.
Kxf1 Qxa2 55.Qf4 Qb1+ 56.Kf2 Qc2+ 57.Kg1 Kb7 58.Qe3 a4 59.bxa4 Qxc4 60.Qa3
Qc5+ 61.Qxc5 bxc5 62.Kf2 Kb6 63.Ke3 Ka5 64.Kf4 c4 0-1

[Event "8th EUR-ch (w)"]
[Site "Dresden GER"]
[Date "2007.04.05"]
[Round "3"]
[White "Fakhiridou, Ekaterini"]
[Black "Pertlova, Sona"]
[Result "1-0"]
[WhiteElo "2299"]
[BlackElo "2171"]
[EventDate "2007.04.03"]
[PlyCount "62"]

1.e4 d5 2.exd5 Nf6 3.Nf3 Nxd5 4.d4 Bg4 5.c4 Nb6 6.c5 N6d7 7.h3 Bxf3 8.Qxf3
Nc6 9.Bc4 e6 10.Be3 Qf6 11.Qe4 Bxc5 12.Bb5 Bxd4 13.Bxc6 Bxb2 14.Bxd7+ Kxd7
15.O-O Kc8 16.Nd2 Bxa1 17.Rb1 c6 18.Qb4 Rb8 19.Ne4 a5 20.Qa3 Qg6 21.Nd6+ 
Kd7 22.Rxa1 b5 23.Rd1 Qh5 24.Rd2 b4 25.Qc1 Kc7 26.Nc4 Rbd8 27.Bb6+ Kc8 28.
Nd6+ Rxd6 29.Rxd6 Qb5 30.Be3 Kb7 31.Qd1 Rc8 1-0

[Event "8th EUR-ch (w)"]
[Site "Dresden GER"]
[Date "2007.04.05"]
[Round "3"]
[White "Vogel, Heike"]
[Black "Ptacnikova, Lenka"]
[Result "1-0"]
[WhiteElo "2156"]
[BlackElo "2290"]
[EventDate "2007.04.03"]
[PlyCount "37"]

1.d4 Nf6 2.Nf3 e6 3.Bg5 c5 4.e3 Qb6 5.Qc1 Nc6 6.c3 Be7 7.Nbd2 d6 8.Bd3 h6 
9.Bh4 g5 10.Bg3 Nh5 11.Nc4 Qd8 12.dxc5 Nxg3 13.hxg3 dxc5 14.Qc2 Qc7 15.Rd1
Bd7 16.Bg6 fxg6 17.Qxg6+ Kd8 18.Rxh6 Rxh6 19.Qg8+ 1-0

[Event "8th EUR-ch (w)"]
[Site "Dresden GER"]
[Date "2007.04.05"]
[Round "3"]
[White "Petrenko, Svetlana"]
[Black "Nemcova, Katerina"]
[Result "1/2-1/2"]
[WhiteElo "2289"]
[BlackElo "2164"]
[EventDate "2007.04.03"]
[PlyCount "78"]

1.e4 c5 2.Nf3 Nc6 3.d4 cxd4 4.Nxd4 e6 5.Nb5 d6 6.c4 a6 7.N5c3 Nf6 8.Be2 
Be7 9.O-O O-O 10.Be3 b6 11.f4 Bb7 12.Bf3 Qc7 13.Nd2 Nd7 14.Rc1 Bf6 15.Nb3 
Nc5 16.Rf2 Rac8 17.Rd2 Rfd8 18.g4 Qb8 19.g5 Be7 20.Ne2 Qa8 21.Ng3 Bf8 22.
Qe2 Nb4 23.Ra1 Nc6 24.Rf1 Ne7 25.Bg2 a5 26.Rfd1 a4 27.Nc1 Ng6 28.Qg4 Nxe4 
29.Nxe4 Bxe4 30.Bxb6 Bxg2 31.Qxg2 Qxg2+ 32.Rxg2 Re8 33.Rd4 Nh4 34.Rf2 Nf5 
35.Rd1 Rxc4 36.b3 Rc6 37.Ba5 d5 38.Nd3 axb3 39.axb3 f6 1/2-1/2

[Event "8th EUR-ch (w)"]
[Site "Dresden GER"]
[Date "2007.04.05"]
[Round "3"]
[White "Nill, Jessica"]
[Black "Schone, Maria"]
[Result "1-0"]
[WhiteElo "2283"]
[BlackElo "2151"]
[EventDate "2007.04.03"]
[PlyCount "63"]

1.d4 Nf6 2.c4 g6 3.Nc3 Bg7 4.e4 d6 5.Nf3 O-O 6.Be2 e5 7.O-O Nc6 8.d5 Ne7 
9.Ne1 Nd7 10.Nd3 f5 11.f3 Nf6 12.c5 h5 13.cxd6 cxd6 14.Nf2 Kh8 15.Bd2 Ne8 
16.f4 fxe4 17.Nfxe4 Nf5 18.Bd3 Nf6 19.Nxf6 Bxf6 20.Kh1 h4 21.Ne4 Bg7 22.
Qe1 exf4 23.Bxf4 Bxb2 24.Rb1 Be5 25.Bxe5+ dxe5 26.d6 Kg7 27.Qc3 Re8 28.Rb5
Nd4 29.Rxe5 Rxe5 30.Qxd4 Qe8 31.Ng5 Kg8 32.Be4 1-0

[Event "8th EUR-ch (w)"]
[Site "Dresden GER"]
[Date "2007.04.05"]
[Round "3"]
[White "Cherednichenko, Svetlana"]
[Black "Von Wantoch-Rekowski, Danijela"]
[Result "0-1"]
[WhiteElo "2280"]
[BlackElo "2114"]
[EventDate "2007.04.03"]
[PlyCount "92"]

1.d4 d5 2.c4 e6 3.Nf3 Nf6 4.Nc3 Nbd7 5.Bg5 h6 6.Bh4 c6 7.cxd5 exd5 8.e3 
Qa5 9.Qa4 Qxa4 10.Nxa4 Bb4+ 11.Nc3 Ne4 12.Rc1 Nxc3 13.bxc3 Ba3 14.Rb1 b5 
15.Bd3 O-O 16.O-O Nb6 17.Ne5 Bb7 18.f3 Bd6 19.f4 Rfe8 20.Rfe1 a6 21.Bf2 
Rac8 22.Rec1 Rc7 23.Bc2 Bc8 24.Bd3 g6 25.h3 Bf5 26.Bxf5 gxf5 27.Bh4 Kg7 
28.Re1 c5 29.g4 cxd4 30.cxd4 Bxe5 31.dxe5 Kg6 32.Re2 Rec8 33.Kf2 Rc2 34.
Rb2 Rxb2 35.Rxb2 Rc3 36.Rd2 h5 37.gxh5+ Kxh5 38.Bd8 Nc4 39.Rxd5 Rxe3 40.h4
Ra3 41.Rd7 Rxa2+ 42.Ke1 b4 43.Rb7 a5 44.Bf6 Ne3 45.Rxf7 Kg4 46.e6 Kf3 0-1

[Event "8th EUR-ch (w)"]
[Site "Dresden GER"]
[Date "2007.04.05"]
[Round "3"]
[White "Van Weersel, Arlette"]
[Black "Makropoulou, Marina"]
[Result "1/2-1/2"]
[WhiteElo "2156"]
[BlackElo "2268"]
[EventDate "2007.04.03"]
[PlyCount "140"]

1.e4 e5 2.Nf3 Nc6 3.Bc4 Bc5 4.c3 Nf6 5.d3 a6 6.O-O Ba7 7.h3 d6 8.Bb3 O-O 
9.Re1 Ne7 10.Nbd2 Ng6 11.Nf1 Nh5 12.Bg5 Qe8 13.d4 Nhf4 14.Ng3 Kh8 15.Nh4 
Nxh4 16.Bxh4 f6 17.Nf1 Qg6 18.Bg3 Ne6 19.Qd3 exd4 20.Bxe6 Bxe6 21.cxd4 f5 
22.e5 Bd5 23.f3 Rad8 24.Bf2 dxe5 25.Rxe5 c6 26.Re7 Rf7 27.Rae1 Bb8 28.b3 
Bd6 29.Rxf7 Qxf7 30.Ne3 g6 31.Nc4 Bb4 32.Re2 Kg8 33.Bh4 Re8 34.Rxe8+ Qxe8 
35.Qe3 Qxe3+ 36.Nxe3 Be6 37.Nc4 a5 38.Nb6 Bd6 39.Be1 Ba3 40.Bc3 f4 41.Kf2 
Bc1 42.Ke2 Bf5 43.Bxa5 Bb1 44.Bc3 Be3 45.a4 Kf7 46.a5 Ke6 47.Nc4 Ba2 48.
Nxe3 fxe3 49.b4 Kd5 50.Kxe3 Kc4 51.Be1 Bb1 52.h4 Bc2 53.g4 Bb1 54.Kf4 Kxd4
55.Bf2+ Kd5 56.Kg5 Bd3 57.Kh6 Ke5 58.Be3 Kf6 59.Bd4+ Kf7 60.h5 Be2 61.Kxh7
gxh5 62.gxh5 Bxf3 63.Kh6 Be2 64.Kg5 Kg8 65.h6 Kh7 66.Bg7 Bd3 67.Kf6 Bb5 
68.Ke5 Ba6 69.Kd6 Kg6 70.Kc5 Kh7 1/2-1/2

[Event "8th EUR-ch (w)"]
[Site "Dresden GER"]
[Date "2007.04.05"]
[Round "3"]
[White "Lomineishvili, Maia"]
[Black "Cherednichenko, Elena"]
[Result "1-0"]
[WhiteElo "2399"]
[BlackElo "2091"]
[EventDate "2007.04.03"]
[PlyCount "79"]

1.d4 Nf6 2.c4 e6 3.Nc3 Bb4 4.e3 b6 5.a3 Bxc3+ 6.bxc3 O-O 7.Bd3 Bb7 8.f3 d6
9.Ne2 Nc6 10.O-O Na5 11.Ng3 Ba6 12.Qe2 Qd7 13.e4 Qc6 14.e5 dxe5 15.dxe5 
Qc5+ 16.Kh1 Nd7 17.Ne4 Qe7 18.Bg5 Qe8 19.f4 f5 20.exf6 Nxf6 21.Rf3 Nxe4 
22.Qxe4 g6 23.Bh6 Rf7 24.Rg3 Rd7 25.Re1 Rad8 26.f5 Bb7 27.Qe2 e5 28.fxg6 
e4 29.Qh5 Kh8 30.Bf4 Nc6 31.h3 Qf8 32.Rxe4 Rg7 33.Bh6 Qf6 34.Bxg7+ Qxg7 
35.Rh4 Ne5 36.Qxh7+ Qxh7 37.g7+ Kg8 38.Bxh7+ Kf7 39.g8=Q+ Rxg8 40.Bxg8+ 
1-0

[Event "8th EUR-ch (w)"]
[Site "Dresden GER"]
[Date "2007.04.05"]
[Round "3"]
[White "Foisor, Sabina-Francesca"]
[Black "Isgandarova, Khayala"]
[Result "1-0"]
[WhiteElo "2333"]
[BlackElo "2155"]
[EventDate "2007.04.03"]
[PlyCount "73"]

1.d4 Nf6 2.c4 g6 3.Nc3 Bg7 4.e4 d6 5.f3 O-O 6.Be3 Nc6 7.Nge2 a6 8.Qd2 Rb8 
9.Rc1 Re8 10.Nd1 Bd7 11.Nf2 e5 12.d5 Nd4 13.Nxd4 exd4 14.Bxd4 c5 15.Be3 b5
16.b3 h5 17.Bd3 Nh7 18.O-O b4 19.Rc2 a5 20.f4 a4 21.e5 dxe5 22.Bxc5 f5 23.
Nh3 Qc7 24.Be3 Nf6 25.Nf2 e4 26.Be2 Qa5 27.c5 Bb5 28.d6 Bc6 29.Bc4+ Kh7 
30.Nh3 Ng4 31.Ng5+ Kh6 32.Bd4 e3 33.Bxg7+ Kxg7 34.Qd4+ Kh6 35.d7 Rf8 36.
Qd6 Qa8 37.Bf7 1-0

[Event "8th EUR-ch (w)"]
[Site "Dresden GER"]
[Date "2007.04.05"]
[Round "3"]
[White "Makka, Ioulia"]
[Black "Ionica, Iulia-Ionela"]
[Result "0-1"]
[WhiteElo "2185"]
[BlackElo "2276"]
[EventDate "2007.04.03"]
[PlyCount "96"]

1.e4 c5 2.Nf3 e6 3.b3 a6 4.Bb2 Nc6 5.g3 d5 6.exd5 exd5 7.Bg2 Qe7+ 8.Qe2 
Nb4 9.Qxe7+ Nxe7 10.Na3 Bf5 11.d3 f6 12.Kd2 O-O-O 13.Nh4 Bg4 14.h3 Bh5 15.
c3 Nbc6 16.d4 cxd4 17.cxd4 g5 18.Nf3 Bg6 19.Nc2 Nf5 20.Nfe1 Bh6 21.Kd1 
Rhe8 22.Bf3 Kb8 23.Be2 Nd6 24.Nd3 Ne4 25.Nce1 Bg7 26.Nf3 Bf8 27.Rf1 Re6 
28.Rc1 Rde8 29.Ng1 Nb4 30.Nxb4 Bxb4 31.a3 Bd2 32.Rc2 Ba5 33.b4 Bb6 34.Rc1 
Nd6 35.Bg4 R6e7 36.Be2 Nf5 37.Bf3 Nxd4 38.Bxd4 Bxd4 39.Kd2 Bb2 40.Rc5 Bxa3
41.Kc3 Re1 42.Rxe1 Rxe1 43.Ne2 Rb1 44.Rxd5 Bxb4+ 45.Kd4 Rd1+ 46.Ke3 Rxd5 
47.Bxd5 Bc5+ 48.Kf3 b5 0-1

[Event "8th EUR-ch (w)"]
[Site "Dresden GER"]
[Date "2007.04.05"]
[Round "3"]
[White "Golubenko, Valentina"]
[Black "Sokalskaya, Elena"]
[Result "1-0"]
[WhiteElo "2271"]
[BlackElo "2147"]
[EventDate "2007.04.03"]
[PlyCount "95"]

1.Nf3 Nf6 2.c4 g6 3.Nc3 d5 4.Qa4+ Bd7 5.Qb3 dxc4 6.Qxc4 Bg7 7.e4 a6 8.d4 
b5 9.Qb3 O-O 10.Be2 Nc6 11.d5 Na5 12.Qb4 Nb7 13.e5 Ne8 14.O-O e6 15.Rd1 
Qb8 16.Qh4 f6 17.dxe6 Bxe6 18.Nd4 Nd8 19.Bf3 Ra7 20.Nxe6 Nxe6 21.Bd5 Qc8 
22.Be3 Ra8 23.Qh3 f5 24.Ne4 Kh8 25.Bxa8 Qxa8 26.Nc5 Nxc5 27.Bxc5 Rg8 28.
Qd3 Qc6 29.Bd4 Qe6 30.Qb3 Qe7 31.Rac1 f4 32.Rc6 Qg5 33.e6 Bxd4 34.Rxd4 Rf8
35.Qc3 Kg8 36.f3 Qf5 37.Qb3 Kg7 38.Rd7+ Kh6 39.Rf7 Qb1+ 40.Kf2 Rg8 41.Rxf4
g5 42.e7+ Rg6 43.Rxg6+ Qxg6 44.Rf8 Nd6 45.Qc3 Ne8 46.Rxe8 Qxe8 47.Qf6+ Kh5
48.g4+ 1-0